000
00260nam a2200097Ia 4500
008
230907s9999||||xx |||||||||||||| ||und||
082
_a
621.433
_b
SCH
245
0
_a
Gas turbine design, components and system design integration /
300
_a
510 p.
942
_c
BK
999
_c
601184
_d
601184